| 000 | 00362nam a22001337a 4500 | ||
|---|---|---|---|
| 020 | _a9780486434841 | ||
| 040 | _cNUST | ||
| 082 |
_a629.8312 _bKIR |
||
| 100 |
_aKirk , Donald .E _957359 |
||
| 245 | _aOptimal Control Theory an Introduction | ||
| 260 |
_aNew York: _bDover, _c2004. |
||
| 650 |
_aOptimal Control Theory an Introduction _9123737 |
||
| 942 |
_2ddc _cREF |
||
| 999 |
_c609828 _d609828 |
||